| 000 | 01132cab a2200361 4500 | ||
|---|---|---|---|
| 001 | ABS55042 | ||
| 008 | 090401t1996 xxu||||| |||| 00| 0 eng d | ||
| 035 | _a(Sirsi) u13765 | ||
| 041 | _aeng | ||
| 100 | _aTasker, F. | ||
| 245 | _aCity review: Miami | ||
| 260 | _c1996 | ||
| 350 | _a0 | ||
| 490 |
_aNational Real Estate Investor _v38(3) March 1996, 136-138(2) |
||
| 520 | _aA look at various property markets in this coastal town, highlighting the importance of condominiums to the residential market. | ||
| 650 | _aCOASTAL TOWNS | ||
| 650 | _aCONDOMINIUMS | ||
| 650 | _aDADE COUNTY | ||
| 650 | _aDADELAND | ||
| 650 | _aFLORIDA | ||
| 650 | _aHOTEL MARKET | ||
| 650 | _aINDUSTRIAL PARKS | ||
| 650 | _aKENDALL | ||
| 650 | _aMIAMI | ||
| 650 | _aPROPERTY-COMMERCIAL PROPERTY-OFFICE PROPERTY-OFFICE PROPERTY MARKET | ||
| 650 | _aRESIDENTIAL MARKET | ||
| 650 | _aPROPERTY-COMMERCIAL PROPERTY-RETAIL PROPERTY-RETAIL PROPERTY MARKET | ||
| 650 | _aUNITED STATES | ||
| 690 | _aPROPERTY-COMMERCIAL PROPERTY-COMMERCIAL PROPERTY MARKET | ||
| 690 | _aOVERSEAS-NORTH AMERICA | ||
| 942 | _n0 | ||
| 948 | _c04/03/1997 | ||
| 999 |
_c8868 _d8868 |
||